[Event "Challenge"]
[Site "http://www.queenalice.com/game.php?id=453566"]
[Date "2008.8.25"]
[Round "-"]
[White "mgmuller"]
[Black "Nica_Pinica"]
[Result "1-0"]
[WhiteElo "1398"]
[BlackElo "910"]

1. e4 e5 2. d4 d6 3. dxe5 dxe5 4. Qxd8+ Kxd8 5. Nf3 Bd6 6. Ng5 Be7 7. Nxf7+ Ke8
8. Nxh8 Bb4+ 9. c3 Bc5 10. Bc4 Nc6 11. Bxg8 Kf8 12. Bd5 Na5 13. Nf7 c6 14. Nxe5
cxd5 15. exd5 Bf5 16. Nd7+ Ke8 17. Nxc5 Bxb1 18. Rxb1 Rc8 19. Be3 b6 20. Ne6 Nc4
21. Bf4 Rc5 22. Nxc5 bxc5 23. b3 Na3 24. Rc1 a5 25. O-O Nb5 26. Rfe1+ Kf8 27.
Bd6+ Nxd6 28. Re6 Nb7 29. Rce1 Nd8 30. Re7 1-0

[Event "Challenge"]
[Site "http://www.queenalice.com/game.php?id=453571"]
[Date "2008.8.25"]
[Round "-"]
[White "mgmuller"]
[Black "XCchessf"]
[Result "1-0"]
[WhiteElo "1463"]
[BlackElo "1301"]

1. e4 e5 2. Nf3 Nf6 3. Nc3 Bc5 4. Nxe5 d6 5. Nf3 Nc6 6. Bc4 Ne5 7. Nxe5 dxe5 8.
O-O Bg4 9. Be2 Bxe2 10. Qxe2 O-O 11. a3 a6 12. Na4 Ba7 13. Qf3 Qd7 14. b3 Qd4
15. c3 Qxe4 16. Qg3 Qd5 17. c4 Qd7 18. Ra2 Rfe8 19. Rc2 Ne4 20. Qf3 f5 21. d3 b5
22. dxe4 bxa4 23. exf5 axb3 24. Rb2 Rab8 25. Rxb3 Rxb3 26. Qxb3 Qxf5 27. Be3
Bxe3 28. fxe3 Qe6 29. Rc1 c5 30. Rf1 e4 31. Rf4 Qc6 32. Rg4 Qd7 33. Rf4 h6 34.
h3 Qd3 35. Qxd3 exd3 36. Rf1 Rxe3 37. Rd1 d2 38. Rxd2 Rxa3 39. Rd8+ Kf7 40. Rc8
Ra5 41. Rc7+ Kg6 42. Rc6+ Kf5 43. Rc7 g6 44. Rh7 h5 45. Rf7+ 1-0

[Event "Let's Play Chess!"]
[Site "http://www.queenalice.com/game.php?id=454225"]
[Date "2008.8.27"]
[Round "-"]
[White "V_Spy"]
[Black "mgmuller"]
[Result "0-1"]
[WhiteElo "1351"]
[BlackElo "1398"]

1. e4 e5 2. Qh5 g6 3. Qxe5+ Qe7 4. Qxh8 Nf6 5. d4 d6 6. Bb5+ c6 7. Ba4 b5 8. Bb3
Bb7 9. Nd2 Kd7 10. Ngf3 Bh6 11. e5 Na6 12. Qxf6 Qxf6 13. exf6 Re8+ 14. Ne4 Rxe4+
15. Be3 Ke8 16. O-O Bxe3 17. fxe3 d5 18. Ng5 Rg4 19. Nxh7 Nb8 20. Rae1 Bc8 21.
a4 bxa4 22. Bxa4 Ba6 23. h3 Rh4 24. Ng5 Bxf1 25. Rxf1 Rh5 26. Nf3 Rf5 27. c4
dxc4 28. Ne5 Rxf1+ 29. Kxf1 a6 30. e4 Kd8 31. Nxf7+ Ke8 32. d5 Kxf7 33. dxc6
Nxc6 34. Bxc6 Kxf6 35. g4 Kg5 36. e5 Kh4 37. Kg2 Kg5 38. e6 Kf6 0-1

[Event "Challenge"]
[Site "http://www.queenalice.com/game.php?id=454555"]
[Date "2008.8.27"]
[Round "-"]
[White "mgmuller"]
[Black "stoyan1"]
[Result "0-1"]
[WhiteElo "1418"]
[BlackElo "1776"]

1. e4 e5 2. Qh5 Nc6 3. Bc4 g6 4. Qf3 f6 5. Nh3 Nd4 6. Qd3 a6 7. c3 Nc6 8. Qd5
Qe7 9. Qd3 d6 10. Qf3 Be6 11. Bxe6 Qxe6 12. O-O g5 13. g4 h5 14. Qe3 hxg4 15.
Nxg5 fxg5 16. Qxg5 Nf6 17. f3 gxf3 18. Kf2 Nxe4+ 19. Kxf3 Nxg5+ 20. Ke2 Rxh2+
21. Kd1 Qg4+ 22. Kc2 Qg2 23. Rf6 Ne4 24. Rf4 exf4 0-1

[Event "Challenge"]
[Site "http://www.queenalice.com/game.php?id=460363"]
[Date "2008.9.8"]
[Round "-"]
[White "mgmuller"]
[Black "VPAcevedo"]
[Result "0-1"]
[WhiteElo "1458"]
[BlackElo "1443"]

1. d4 d5 2. Nc3 Nf6 3. Bf4 Na6 4. Nb5 Bf5 5. Qd2 e6 6. Qa5 Bb4+ 7. Qxb4 Nxb4 8.
Kd1 Na6 9. a4 Qd7 10. Ra3 Qc6 11. Rc3 Qb6 12. Bxc7 Nxc7 13. Nxc7+ Kd8 14. Nxa8
Qxd4+ 15. Kc1 Ne4 16. Nf3 Qxa4 17. Ra3 Qc4 18. e3 Qc5 19. Ne5 Rf8 20. Be2 Nxf2
21. Rf1 Qxc2# 0-1

[Event "Challenge"]
[Site "http://www.queenalice.com/game.php?id=466911"]
[Date "2008.9.22"]
[Round "-"]
[White "mgmuller"]
[Black "SacrificioDeRei"]
[Result "0-1"]
[WhiteElo "1438"]
[BlackElo "1613"]

1. e4 e5 2. Nf3 Nc6 3. Bb5 a6 4. Bxc6 dxc6 5. Nxe5 Qd4 6. Qh5 Qxe4+ 7. Kf1 Be6
8. d3 Qf5 9. Qe2 Bd6 10. d4 Ne7 11. Nc4 b5 12. Ne3 Qf4 13. c3 O-O 14. g3 Qe4 15.
f3 Qg6 16. Nd2 Nd5 17. Nb3 Nxe3+ 18. Qxe3 Bc4+ 19. Kg2 Rfe8 20. Qg1 Re2+ 21. Kf1
Rxh2+ 22. Ke1 Bxg3+ 0-1

[Event "Challenge"]
[Site "http://www.queenalice.com/game.php?id=477273"]
[Date "2008.10.14"]
[Round "-"]
[White "mgmuller"]
[Black "yugioh1"]
[Result "1-0"]
[WhiteElo "1531"]
[BlackElo "1460"]

1. e4 e5 2. Nf3 Nc6 3. Bc4 Be7 4. O-O Nf6 5. Ng5 O-O 6. d3 d6 7. h3 Nd4 8. c3
Nc6 9. Qb3 Kh8 10. Nxf7+ Rxf7 11. Bxf7 Na5 12. Qa4 Nc6 13. Na3 Bd7 14. Bc4 Rb8
15. Bg5 h6 16. Bxf6 Bxf6 17. Nb5 a6 18. Na3 b5 19. Nxb5 axb5 20. Bxb5 Be7 21.
Bxc6 Bxc6 22. Qxc6 Rxb2 23. Qa4 Bh4 24. Rab1 1-0

[Event "Challenge"]
[Site "http://www.queenalice.com/game.php?id=482465"]
[Date "2008.10.24"]
[Round "-"]
[White "mgmuller"]
[Black "Aldo2020"]
[Result "1-0"]
[WhiteElo "1473"]
[BlackElo "1561"]

1. e4 e5 2. Nf3 Bd6 3. d4 f6 4. dxe5 fxe5 5. Nxe5 Bxe5 6. Qh5+ g6 7. Qxe5+ Kf8
8. Qxh8 Qe7 9. Qd4 Nc6 10. Qe3 d6 11. Bd3 Nf6 12. Nc3 Ke8 13. Nd5 Nxd5 14. exd5
Ne5 15. O-O Qf7 16. Qf4 Qxd5 17. Re1 Bg4 18. Re3 Kd7 19. Qe4 Qa5 20. h3 Bh5 21.
Be2 Qc5 22. Rc3 Qb6 23. Bxh5 gxh5 24. Qxh7+ Kc8 25. Qf5+ Kd8 26. Bg5+ Ke8 27.
Qe6+ Kf8 28. Qe7+ Kg8 29. Qe6+ Nf7 30. Rf3 Rf8 31. Qg6+ Kh8 32. Bf6# 1-0

[Event "Challenge"]
[Site "http://www.queenalice.com/game.php?id=492315"]
[Date "2008.11.12"]
[Round "-"]
[White "mgmuller"]
[Black "IrineuFilho"]
[Result "1-0"]
[WhiteElo "1493"]
[BlackElo "1600"]

1. e4 d5 2. Nc3 d4 3. Nce2 e5 4. c3 d3 5. Ng3 Qh4 6. Bxd3 Bc5 7. Bb5+ c6 8. Bc4
b5 9. Bd3 Qf4 10. Qe2 Nf6 11. Qf3 1-0

[Event "Challenge"]
[Site "http://www.queenalice.com/game.php?id=508242"]
[Date "2008.12.15"]
[Round "-"]
[White "mgmuller"]
[Black "mitchelli"]
[Result "1-0"]
[WhiteElo "1555"]
[BlackElo "1571"]

1. e4 e5 2. Qh5 d6 3. Bc4 g6 4. Qf3 Nf6 5. Nh3 Bxh3 6. gxh3 Nc6 7. c3 Be7 8. d3
Qd7 9. Bg5 O-O-O 10. Bxf6 Rhf8 11. Bxe7 Nxe7 12. Bxf7 Nc6 13. Qg4 Rxf7 14. Qxd7+
Rdxd7 15. Rf1 Rf3 16. Ke2 Rxh3 17. Rh1 Rf7 18. Nd2 g5 19. Rag1 h6 20. Rg3 Rh4
21. Rf3 Re7 22. Rg3 d5 23. exd5 Nd8 24. Nf3 Rf4 25. Nd2 e4 26. dxe4 Nf7 27. Rf3
Ne5 28. Rxf4 gxf4 29. Rg1 b6 30. Rg8+ Kb7 31. Rh8 Rf7 32. Rxh6 Rg7 33. Rh5 Ng4
34. Kf3 b5 35. Rh4 Ne5+ 36. Kxf4 Ng6+ 37. Kg5 Kb6 38. Rh6 Kc5 39. Rxg6 Rf7 40.
Rc6# 1-0

[Event "Challenge"]
[Site "http://www.queenalice.com/game.php?id=518101"]
[Date "2009.1.6"]
[Round "-"]
[White "mgmuller"]
[Black "roqqk"]
[Result "0-1"]
[WhiteElo "1572"]
[BlackElo "1760"]

1. e4 e5 2. Nf3 d6 3. Bc4 Nf6 4. Ng5 d5 5. Bb5+ c6 6. Bd3 h6 7. Nh3 dxe4 8. Bc4
e3 9. dxe3 Qxd1+ 10. Kxd1 Ne4 11. Rf1 Bf5 12. Bd3 Na6 13. Bxe4 O-O-O+ 14. Bd3 e4
15. Nf4 g5 16. Nh5 exd3 17. cxd3 Bg4+ 18. Kd2 Bxh5 19. f3 Nb4 20. d4 Bg6 21. Na3
c5 22. Nb5 Kb8 23. Kc3 Bd3 24. Rf2 Bxb5 25. Rd2 Nd5+ 26. Kb3 c4+ 27. Kc2 Bb4 28.
Re2 Ba4+ 29. b3 Bb5 30. Rf2 Rc8 31. Bd2 cxb3+ 32. Kxb3 Bxd2 33. Rxd2 Nxe3 34.
Re1 Nd5 35. Rc2 Nb6 36. Rxc8+ Kxc8 0-1

[Event "Challenge"]
[Site "http://www.queenalice.com/game.php?id=518220"]
[Date "2009.1.6"]
[Round "-"]
[White "mgmuller"]
[Black "ilardi"]
[Result "0-1"]
[WhiteElo "1564"]
[BlackElo "1598"]

1. e4 c5 2. Nc3 Nc6 3. Bc4 Nf6 4. Nf3 e6 5. d4 Qa5 6. Be3 Nxe4 7. dxc5 Nxc3 8.
Qd2 Ne4 9. Qxa5 Nxa5 10. Bb5 a6 11. Bd3 Nxc5 12. Bxc5 Bxc5 13. a3 Nc6 14. Ng5 h6
15. Ne4 Bd4 16. c3 Be5 17. O-O O-O 18. Rfe1 d5 19. Nc5 Bf6 20. Rac1 b5 21. a4
Be7 22. b4 f5 23. Nxe6 Rf6 24. Nc7 Ra7 25. Nxd5 Re6 26. Rxe6 Bxe6 27. Nxe7+ Rxe7
28. axb5 axb5 29. Bxb5 Ne5 30. Rd1 Rc7 0-1

[Event "Challenge"]
[Site "http://www.queenalice.com/game.php?id=549733"]
[Date "2009.3.3"]
[Round "-"]
[White "mgmuller"]
[Black "bingchess"]
[Result "1-0"]
[WhiteElo "1592"]
[BlackElo "1562"]

1. e4 e5 2. Nf3 Nc6 3. Bc4 Nf6 4. Ng5 d5 5. exd5 Nxd5 6. Qf3 Qxg5 7. Bxd5 Nd8 8.
Nc3 Bg4 9. Qg3 Qf5 10. Be4 Qe6 11. Nd5 Bd6 12. h3 Bf5 13. d3 c6 14. Qxg7 Rf8 15.
Qf6 Rg8 16. Qxe6+ Bxe6 17. Nf6+ Kf8 18. Nxg8 Kxg8 19. O-O f5 20. Bf3 Nf7 21. Bh5
1-0

[Event "Challenge"]
[Site "http://www.queenalice.com/game.php?id=549801"]
[Date "2009.3.3"]
[Round "-"]
[White "mgmuller"]
[Black "class_act"]
[Result "1-0"]
[WhiteElo "1552"]
[BlackElo "1586"]

1. e4 e5 2. Nf3 Nc6 3. Bb5 Bc5 4. Bxc6 dxc6 5. Nxe5 Qf6 6. Ng4 Qf4 7. Qf3 Qxf3
8. gxf3 Bxg4 9. fxg4 O-O-O 10. d3 Nf6 11. Be3 Bxe3 12. fxe3 Nxg4 13. Ke2 Rhe8
14. Nc3 Re6 15. h3 Ne5 16. Rhg1 g6 17. b3 Rf6 18. Rg3 b5 19. d4 Nd7 20. Rf1 Rxf1
21. Kxf1 a6 22. d5 cxd5 23. Nxd5 Ne5 24. Nb4 Rd6 25. Rg5 Rf6+ 26. Ke2 Nf3 27.
Rg3 a5 28. Nd5 Re6 29. Kxf3 c6 30. Nb6+ Kb7 31. Nd7 Kc7 32. Nf8 Rf6+ 33. Ke2 Kd8
34. Nxh7 Re6 35. Ng5 Re5 36. Nxf7+ 1-0

[Event "Challenge"]
[Site "http://www.queenalice.com/game.php?id=561590"]
[Date "2009.3.25"]
[Round "-"]
[White "mgmuller"]
[Black "backnine"]
[Result "1-0"]
[WhiteElo "1569"]
[BlackElo "1756"]

1. e4 e5 2. Qh5 Nc6 3. Bb5 Qf6 4. Bxc6 bxc6 5. Nf3 d6 6. Qg5 Qxg5 7. Nxg5 Be7 8.
Nf3 Bg4 9. h3 Bxf3 10. gxf3 Bh4 11. d3 Nf6 12. f4 Nd7 13. fxe5 Nxe5 14. Bf4 Nf3+
15. Ke2 Nd4+ 16. Kd2 O-O 17. Be3 Nf3+ 18. Ke2 Ne5 19. Bf4 Ng6 20. Bg3 Bxg3 21.
fxg3 Rab8 22. b3 Rfe8 23. Rf1 d5 24. Nc3 h5 25. Rf5 h4 26. Rg1 hxg3 27. Rxg3 Nh4
28. Rfg5 dxe4 29. Rxg7+ Kh8 30. Rxf7 exd3+ 31. Kd2 dxc2 32. Kxc2 Re5 33. Rg4 Rh5
34. Rff4 Nf5 35. Nd1 Rg8 36. Nf2 Ne3+ 37. Kb2 Nxg4 38. Rxg4 Rf5 39. Ne4 1-0

[Event "Challenge"]
[Site "http://www.queenalice.com/game.php?id=589756"]
[Date "2009.5.17"]
[Round "-"]
[White "mgmuller"]
[Black "Francisco_Ferraz"]
[Result "0-1"]
[WhiteElo "1607"]
[BlackElo "1723"]

1. e4 c5 2. d4 d6 3. dxc5 dxc5 4. Qxd8+ Kxd8 5. Nf3 Bg4 6. h3 Bxf3 7. gxf3 e5 8.
Bg5+ Be7 9. Bxe7+ Nxe7 10. Bc4 f5 11. Nc3 f4 12. Bd5 Nxd5 13. Nxd5 Nc6 14. O-O-O
Kc8 15. Rhg1 g6 16. Nf6 Nd4 17. Rd3 c4 18. Rc3 Ne2+ 19. Kd2 Nxg1 20. Rxc4+ Kd8
21. Rc3 Nxh3 22. Rd3+ Ke7 23. Nd5+ Kf7 24. Ke2 Rad8 25. a4 g5 26. Nc7 Rxd3 27.
Kxd3 Nxf2+ 28. Ke2 Rc8 29. Kxf2 Rxc7 30. c3 Rc4 31. a5 a6 32. Ke2 h5 33. Kf2 g4
0-1